Welcome to the Holygrace Academy Library

Please use search bar below to get started

HARRY POTTER CINEMATIC GUIDE (Record no. 8914)

MARC details
000 -LEADER
fixed length control field 00332nam a22001337a 4500
082 ## - DEWEY DECIMAL CLASSIFICATION NUMBER
Classification number 823
Item number ROW/H
100 ## - MAIN ENTRY--AUTHOR NAME
Personal name ROWLING
245 ## - TITLE STATEMENT
Title HARRY POTTER CINEMATIC GUIDE
246 ## - VARYING FORM OF TITLE
Title proper/short title HARRY POTTER CINEMATIC GUIDE
Remainder of title HARRY POTTER CINEMATIC GUIDE
260 ## - PUBLICATION, DISTRIBUTION, ETC. (IMPRINT)
Place of publication INDIA
Name of publisher SCHOLASTIC
Year of publication 2016
300 ## - PHYSICAL DESCRIPTION
Number of Pages 62
650 ## - SUBJECT ADDED ENTRY--TOPICAL TERM
Topical Term ENGLISH STORY
942 ## - ADDED ENTRY ELEMENTS (KOHA)
Koha item type Books
Holdings
Withdrawn status Lost status Collection code Home library Current library Shelving location Date acquired Source of acquisition Cost, normal purchase price Full call number Accession Number Koha item type
    Fiction Main Library Main Library SHELF 15 H-HARRY POTTER(CHARACTERISATION),WIMPY KID,DORK DIARIES 18/10/2018 PURCHASED 395.00 823 ROW/H 10271 Books